000 00694cam a2200253 4500
001 J346
008 090401t1990 xxu||||| |||| 00| 0 eng d
035 _a(Sirsi) u74505
041 _aeng
050 _a332.63240994
110 _aBaillieu Knight Frank
_9581
245 _aAustralian economic and property investment indicators. - No.41 (February 1990) - No.48 (December 1990)
260 _aMelbourne
_bBaillieu Knight Frank
_c1990
300 _a8 pt. ; 30cm.
350 _a0
650 _aAUSTRALIA
650 _aINDUSTRIAL PROPERTY
650 _aINVESTMENT
650 _aOFFICES
650 _aSHOPS
690 _aOVERSEAS-REST OF THE WORLD
942 _n0
948 _c04/03/1997
999 _c95865
_d95865